| 000 | 00665nam a2200205Ia 4500 | ||
|---|---|---|---|
| 003 | GCL | ||
| 008 | 140319s9999 xx 000 0 ara d | ||
| 040 |
_aGCL / _cGCL |
||
| 082 | 0 | 4 |
_a730 _bك ف |
| 100 | 1 | _aكلود عبيد | |
| 245 | 1 | 0 |
_aالفن التشكيلى : _bنقد الابداع وابداع النقد / _cكلود عبيد |
| 250 | _aالاولى | ||
| 260 |
_aبيروت : _bدار الفكر اللبنانى ، _c2005 |
||
| 300 |
_a176 ص ؛ _c24 سم |
||
| 650 | 0 | 4 | _aالفنون التشكيلية |
| 650 | 0 | 4 | _aالفن الحديث |
| 650 | 0 | 4 | _aالابداع الفنى |
| 650 | 0 | 4 | _aالفن - تاريخ ونقد |
| 942 |
_2ddc _cBK |
||
| 999 |
_c7957 _d7957 |
||